000
00254nam a22001097a 4500
082
_a
ERA
100
_a
Eran Sher
245
_a
Hand book of air pollution from internal combustion engine
260
_a
London
_b
Acadamic
_c
1998
300
_a
663
942
_c
BK
999
_c
55088
_d
55085